[Event "ECU-ch Qual Blitz"]
[Site "Chess.com INT"]
[Date "2021.06.25"]
[Round "7"]
[White "Fierro Baquero, Martha Lorena"]
[Black "Chang Suarez, Rommel Felipe"]
[Result "1-0"]
[WhiteElo "2347"]
[BlackElo "2268"]
[PlyCount "99"]
[EventDate "2021.06.25"]
[EventType "swiss (blitz)"]
[EventRounds "9"]
[EventCountry "ECU"]
[SourceTitle "CBM 203 Extra"]
[Source "ChessBase"]
[SourceDate "2021.09.30"]
[SourceVersion "1"]
[SourceVersionDate "2021.09.30"]
[SourceQuality "1"]

1. e4 c6 2. c4 d5 3. cxd5 cxd5 4. exd5 Nf6 5. Qa4+ Nbd7 6. Nc3 g6 7. Bc4 Bg7 8. d3 0-0 9. Nf3 a6 10. Qa3 Nb6 11. Qb3 Nbd7 12. a4 b6 13. 0-0 Bb7 14. Be3 Rc8 15. Rfe1 Nc5 16. Bxc5 Rxc5 17. Ne4 Rc8 18. Nxf6+ Bxf6 19. Ne5 Qd6 20. Ng4 Bg7 21. Re2 Rfd8 22. Ne3 Bd4 23. Rae1 Rc7 24. Qa2 Bxe3 25. Rxe3 Bxd5 26. g3 Bxc4 27. dxc4 e6 28. b3 Rcd7 29. h4 Qb4 30. Qb2 Rd2 31. Qf6 Qc5 32. Rf3 R8d7 33. Re5 Qe7 34. Qf4 R2d4 35. Re4 Rxe4 36. Qxe4 a5 37. h5 Qd6 38. h6 Qd1+ 39. Kg2 Qd4 40. Qa8+ Rd8 41. Qb7 Rd7 42. Qb8+ Rd8 43. Qc7 Rd7 44. Qc6 Qd6 45. Qa8+ Rd8 46. Qe4 e5 47. Qh4 f5 48. Qg5 e4 49. Rxf5 e3 50. Rd5 1-0

[Event "Pan American-ch U18"]
[Site "Bogota"]
[Date "2004.07.26"]
[Round "5"]
[White "Chang Suarez, Rommel Felipe"]
[Black "Capo Vidal, Uriel"]
[Result "0-1"]
[WhiteElo "2138"]
[BlackElo "2202"]
[PlyCount "62"]
[EventDate "2004.07.24"]
[EventType "swiss"]
[EventRounds "9"]
[EventCountry "COL"]
[SourceTitle "CBM 101 Extra"]
[Source "ChessBase"]
[SourceDate "2004.09.01"]
[SourceVersion "2"]
[SourceVersionDate "2004.09.01"]
[SourceQuality "1"]

1. e4 c5 2. Nc3 Nc6 3. f4 g6 4. Nf3 Bg7 5. Bb5 Nd4 6. Bd3 d6 7. Nxd4 cxd4 8. Ne2 e5 9. 0-0 Ne7 10. c3 Nc6 11. Bc4 0-0 12. d3 Qb6 13. Kh1 Ne7 14. Qe1 Be6 15. Bxe6 fxe6 16. c4 d5 17. Rb1 dxe4 18. dxe4 Qc7 19. b3 d3 20. Nc3 exf4 21. Qd2 Rad8 22. Rf3 Nc6 23. Nb5 Qb6 24. Ba3 Rf7 25. Nd6 Rfd7 26. c5 Qa6 27. Bb4 Nxb4 28. Qxb4 Be5 29. Nc4 Z0 30. Rff1 f3 31. Qd2 f2 0-1

[Event "Pan American-ch U18"]
[Site "Bogota"]
[Date "2004.07.25"]
[Round "2"]
[White "Mateus Urbano, Luis Alejandro"]
[Black "Chang Suarez, Rommel Felipe"]
[Result "1/2-1/2"]
[WhiteElo "2036"]
[BlackElo "2138"]
[PlyCount "111"]
[EventDate "2004.07.24"]
[EventType "swiss"]
[EventRounds "9"]
[EventCountry "COL"]
[SourceTitle "CBM 101 Extra"]
[Source "ChessBase"]
[SourceDate "2004.09.01"]
[SourceVersion "2"]
[SourceVersionDate "2004.09.01"]
[SourceQuality "1"]

1. e4 c6 2. d4 d5 3. e5 Bf5 4. Nf3 e6 5. a3 c5 6. c4 dxc4 7. Bxc4 Nc6 8. Be3 Qc7 9. dxc5 Be7 10. Nc3 a6 11. Qa4 Bd8 12. Nd4 Nge7 13. f4 0-0 14. Nxc6 Nxc6 15. 0-0 Be7 16. b4 Rfd8 17. Rfd1 Nxe5 18. Be2 Nc6 19. Rac1 Bf6 20. Qb3 Nd4 21. Qc4 e5 22. Bxd4 Be6 23. Bxe5 Bxe5 24. Nd5 Bxd5 25. Rxd5 Bxf4 26. Rcd1 Rxd5 27. Qxd5 Bxh2+ 28. Kh1 Bg3 29. Qd7 Qb8 30. Bf3 Qf8 31. Bxb7 Re8 32. Bf3 g6 33. Kg1 Re7 34. Qg4 Qb8 35. Qg5 Re8 36. Bc6 Bf4 37. Qf6 Be5 38. Qf3 Re6 39. Bd7 Rf6 40. Qd3 Kg7 41. Rf1 Bh2+ 42. Kh1 Rxf1+ 43. Qxf1 Qe5 44. Qxa6 Bg3 45. Qf1 f5 46. Bb5 Qd4 47. Qf3 f4 48. c6 Qa1+ 49. Bf1 Qf6 50. Bb5 Qa1+ 51. Qf1 Qe5 52. Qe2 Qa1+ 53. Qf1 Qf6 54. Qf3 Qa1+ 55. Qf1 Qe5 56. Qe2 1/2-1/2